| 000 | 005500000a22001690004500 | ||
|---|---|---|---|
| 090 |
_aAR _b02585 |
||
| 245 | 1 | 0 | _aDiet composition and significance of earthworms as food of havestmen (<Arachnida: Opiliones>) |
| 650 | 1 | 4 |
_aHábitos alimentarios _93824 |
| 650 | 1 | 4 |
_aArácnidos _99369 |
| 650 | 1 | 4 |
_aEntomología _94483 |
| 650 | 1 | 4 |
_aDepredación _973352 |
| 653 |
_gPhalangium _ePhalangium opilium |
||
| 041 | 0 | _aInglés | |
| 100 | 1 |
_aHoffman, Forrest M. _992960 |
|
| 942 | _cARTICULO | ||
| 773 | 1 |
_tAmerican Midland Naturalist _3176 _h2 _q487-491 _d2000 _g143 |
|
| 999 |
_c11649 _d11649 |
||